| 000 | 00945cam a22002414a 4500 | ||
|---|---|---|---|
| 005 | 20250605164054.0 | ||
| 008 | 250528s ||||||||||||||||||||||||d | ||
| 035 | _a17374 | ||
| 020 | _a907679536 | ||
| 040 |
_aGR-AtMCL _bgre _dGR-AtMCL _eAACR2 |
||
| 245 | 1 | _aTravel and Tourism / Second Edition | |
| 250 | _a2nd | ||
| 260 | _c1994 | ||
| 300 | _a296 | ||
| 520 | _aTourism and Tourists, The History and Development of Tourism, The Importance of Tourism, The Structure of the Travel and Tourism Industry, Transport in Travel and Tourism, Tourist Accommodation, Retail Travel Agency, Tour Operations, Government and Tourism, The Marketing of Travel and Tourism, Financial Management in Travel and Tourism, The Impacts of Tourism. | ||
| 700 | 1 |
_aCallaghan Paul _93529 |
|
| 700 | 1 |
_aLong Phil _93530 |
|
| 700 | 1 |
_aRobinson Mike _93531 |
|
| 942 | _cBK | ||
| 710 | 2 |
_aCentre For Travel & Tourism _99743 |
|
| 999 |
_c2797 _d2797 |
||